000 00389pab a2200157 454500
008 180718b2010 xxu||||| |||| 00| 0 eng d
100 _aShah, A.M.
245 _aArbitrariness in the colonial census of ethnic groups
260 _c2010
300 _ap.16-17.
362 _a27 Nov
650 _aEthnic groups
773 _aEconomic and Political Weekly
908 _aN
909 _a90212
999 _c90212
_d90212